000
002800000a22000970004500
100
1
_a
Sendek, Donaldo
245
1
0
_a
Value and benefits of joining a Full Service Mission
300
_a
Vol.86, núm.2 (July-October, 2006), Página 3
773
0
_t
Latin America Evangelist
942
_c
ANA
999
_c
61655
_d
61655